| 000 | 01151nam2a22002411 4500 | ||
|---|---|---|---|
| 001 | v19\rc\1216725 | ||
| 005 | 20250620054341.0 | ||
| 035 | _a(NLR Aleph) 005195849 | ||
| 090 |
_a5259453 _c5259453 |
||
| 100 | _a20060306d1882 |||y0rusy50 ca | ||
| 101 | 0 | _arus | |
| 102 | _aRU | ||
| 105 | _ay z ||||| | ||
| 200 | 0 | _a... на 1883 г. | |
| 210 | _a[1882] | ||
| 316 |
_aЭкз. РНБ (Desideratum): не печаталась _5NLR: Desideratum |
||
| 461 | 0 |
_1001v19\rc\1216715 _12001#$aСмета прихода и расхода по эксплоатации земской Тамбово-Саратовской железной дороги...$v... на 1883 г. _95259356 _aТамбово-Саратовская железная дорога _cСанкт-Петербург _d1873-1888 _tСмета прихода и расхода по эксплоатации земской Тамбово-Саратовской железной дороги... _v... на 1883 г. |
|
| 801 | 0 |
_aRU _bNLR _c20060306 _gpsbo |
|
| 801 | 1 |
_aRU _bProSoft-M _c20060306 _2rusmarc |
|
| 801 | 2 |
_aRU _bNLR _c20110803 _2rusmarc |
|
| 852 |
_aNLR _jDesideratum |
||
| 942 | _cBOOK | ||
| 980 | _aNB | ||